000 00721nam a2200217Ia 4500
003 GCL
008 140319s9999 xx 000 0 ara d
040 _aGCL /
_cGCL
082 0 4 _a191
_bع ر
100 1 _aعبدالرحمن بدوى
245 1 0 _aربيع الفكر اليونانى /
_cعبدالرحمن بدوى
260 _a[S.N] :
_bمكتبة النهضة المصرية
300 _a200 ص
490 _aخلاصة الفكر الاوربى سلسلة اليانبيع
_v0
650 0 4 _aالفلسفة الاسلامية
650 0 4 _aالفلسفة
650 0 4 _aالفلاسفةاليونانيون
650 0 4 _aالفلسفة اليونانية
650 0 4 _aالفلاسفة
942 _2ddc
_cBK
999 _c29224
_d29224